Управление проектами и бизнес-процессами организации: практикум
Практикум посвящен актуальным вопросам управления проектами и бизнес-процессами организации. Состоит из двух частей: в первой части (теоретической) раскрываются базовые принципы и методы управления, приведены ключевые методики решения задач; во второй части (практической) представлены кейсы по решен...
Сохранить в:
| Главный автор: | |
|---|---|
| Другие авторы: | , |
| Формат: | Книга |
| Язык: | Russian |
| Опубликовано: |
Екатеринбург
УрГЭУ
2023
|
| Online-ссылка: | https://e.lanbook.com/book/417812 https://e.lanbook.com/img/cover/book/417812.jpg |
| Метки: |
Добавить метку
Нет меток, Требуется 1-ая метка записи!
|
| LEADER | 02591nam0a2200301 i 4500 | ||
|---|---|---|---|
| 001 | 417812 | ||
| 003 | RuSpLAN | ||
| 005 | 20240701125724.0 | ||
| 008 | 240701s2023 ru gs 000 0 rus | ||
| 040 | |a RuSpLAN | ||
| 041 | 0 | |a rus | |
| 044 | |a ru | ||
| 080 | |a 658(075.8) | ||
| 084 | |a 65.050я73 |2 rubbk | ||
| 245 | 0 | 0 | |a Управление проектами и бизнес-процессами организации: практикум |c Орехова С. В.,Заруцкая В. С.,Кудин Л. Ш. |
| 260 | |a Екатеринбург |b УрГЭУ |c 2023 | ||
| 300 | |a 116 с. | ||
| 500 | |a Рекомендовано Советом по учебно-методическим вопросам и качеству образования Уральского государственного экономического университета в качестве практикума | ||
| 504 | |a Библиогр.: доступна в карточке книги, на сайте ЭБС Лань | ||
| 520 | 8 | |a Практикум посвящен актуальным вопросам управления проектами и бизнес-процессами организации. Состоит из двух частей: в первой части (теоретической) раскрываются базовые принципы и методы управления, приведены ключевые методики решения задач; во второй части (практической) представлены кейсы по решению задач оптимизации бизнес-процессов в торговых организациях. Усвоение материала поможет студентам овладеть навыками принятия практических решений в сфере проектного менеджмента. Для студентов бакалавриата, обучающихся по направлениям «Экономика» и «Менеджмент»; также может быть полезен руководителям и специалистам-практикам. | |
| 521 | 8 | |a Книга из коллекции УрГЭУ - Экономика и менеджмент | |
| 521 | 8 | |a СЭБ | |
| 100 | 1 | |a Орехова С. В. | |
| 700 | 1 | |a Заруцкая В. С. | |
| 700 | 1 | |a Кудин Л. Ш. | |
| 856 | 4 | |u https://e.lanbook.com/book/417812 | |
| 856 | 4 | 8 | |u https://e.lanbook.com/img/cover/book/417812.jpg |
| 953 | |a https://e.lanbook.com/img/cover/book/417812.jpg | ||